|
|
|
|
| LEADER |
00000nam a2200000 a 4500 |
| 001 |
vtls010557066 |
| 003 |
SK-MaSNL |
| 005 |
20260301034335.0 |
| 008 |
240314s2010 xo g 000 p slo |
| 015 |
|
|
|a SNBA2013/11
|
| 020 |
|
|
|a 9788088965930
|q (viaz.)
|
| 035 |
|
|
|a 76BAE386-FE94-43AE-AEF6-E6E59BC9317E
|
| 035 |
|
|
|a urn:nbn:sk:snk-aml4s5
|
| 035 |
|
|
|a urn:nbn:sk:snk-am008wd2
|
| 040 |
|
|
|a SNK
|b slo
|c SNK
|e AACR2
|
| 041 |
0 |
|
|a slo
|
| 044 |
|
|
|a xo
|c SK
|
| 072 |
|
7 |
|a 821.162.4-1
|x Slovenská poézia
|2 konspekt
|
| 080 |
|
|
|a 821.162.4-1
|2 2001
|
| 100 |
1 |
|
|a Lehenová, Taťjana,
|d 1961-
|4 aut
|9 109796
|
| 245 |
1 |
0 |
|a Pre vybranú spoločnosť ; Cigánsky tábor
|b (a zvlášť pre Alenku)
|c Taťjana Lehenová
|
| 250 |
|
|
|a 1. spol. vyd.
|
| 260 |
|
|
|a Bratislava
|b Drewo a srd
|b Vlna
|c 2010
|
| 300 |
|
|
|a 100, 102 s.
|c 24 cm
|
| 500 |
|
|
|a Dokument obsahuje dve diela
|
| 500 |
|
|
|a Zvratmo tlačené dokumenty majú vlastné stránkovanie
|
| 500 |
|
|
|a V tiráži uvedené miesto vydania Bratislava/Banská Bystrica
|
| 655 |
|
7 |
|a slovenská poézia
|2 SNKPH
|9 70444
|
| 655 |
|
7 |
|a Slovak poetry
|2 SNKPHeng
|9 265010
|
| 740 |
0 |
2 |
|a Cigánsky tábor
|
| 852 |
|
|
|a Slovenská národná knižnica
|
| 919 |
|
|
|a 978-80-88965-93-0
|
| 958 |
|
|
|a LX
|
| 999 |
|
|
|c 581697
|d 583627
|
| 952 |
|
|
|a SNK
|b SNK
|y PREZ
|7 0
|p 17A1092134
|o snkSC 156776
|i snk2013/27213
|8 0
|0 0
|1 0
|4 0
|d 2013-11-08
|f 1
|l 0
|r 2025-08-19 00:00:00
|w 2026-02-23
|
| 952 |
|
|
|a SNK
|b SNK
|y VYP
|7 0
|p 17A1092135
|o snkSC 156776 D1
|i snk2013/27214
|8 0
|0 0
|1 0
|4 0
|d 2013-11-08
|l 0
|r 2026-02-23 14:54:52
|w 2026-02-23
|